MARC

LEADER 00000nam0a2200000 4500
001 139624
005 20231101220816.0
035 |a (RuTPU)RU\TPU\book\151256 
090 |a 139624 
100 |a 20080609d1953 m y0rusy50 ca 
101 0 |a rus 
102 |a RU 
105 |a a j 001zy 
200 1 |a Курс высшей математики  |e учебник  |h Т. 1  |f В. И. Смирнов 
205 |a 14-е изд. 
210 |a Москва  |c Гостехиздат  |d 1953 
215 |a 472 с.  |c черт. 
320 |a Алфавитный указатель: с. 469-472 
606 1 |a Математика высшая  |2 stltpush  |3 (RuTPU)RU\TPU\subj\3986  |9 32308 
610 1 |a учебники 
610 1 |a переменные величины 
610 1 |a пределы 
610 1 |a интегралы 
610 1 |a приложения 
610 1 |a ряды 
610 1 |a приближенные вычисления 
610 1 |a комплексные числа 
610 1 |a высшая алгебра 
610 1 |a интегрирование 
675 |a 51(075.8)  |v 3 
700 1 |a Смирнов  |b В. И.  |c российский математик  |c академик АН СССР  |f 1887-1974  |g Владимир Иванович  |2 stltpush  |3 (RuTPU)RU\TPU\pers\21288  |9 8918 
801 1 |a RU  |b 63413507  |c 20080609  |g PSBO 
801 2 |a RU  |b 63413507  |c 20220701  |g PSBO 
942 |c BK